Eight years overseas, 1939-1947 /

Bibliographic Details
Main Author: Wilson, Henry Maitland Wilson, Baron, 1881-
Other Authors: Eisenhower, Dwight D. (Dwight David), 1890-1969
Format: Book
Language:English
Published: London ; New York : Hutchinson, [1948 or 1949]
Subjects:

MARC

Tag First Indicator Second Indicator Subfields
LEADER 00000cam a2200000 i 4500
001 in00003475430
005 20151206104508.0
008 790323q19481949enkabcf b 00110deng d
035 |a (OCoLC)ocm04771480 
040 |a IND  |c IND  |d TNY  |d UtOrBLW 
043 |a mm----- 
090 |a D811  |b .W693 
100 1 |a Wilson, Henry Maitland Wilson,  |c Baron,  |d 1881- 
245 1 0 |a Eight years overseas, 1939-1947 /  |c by Lord Wilson ; foreword by D. D. Eisenhower. 
264 1 |a London ;  |a New York :  |b Hutchinson,  |c [1948 or 1949] 
300 |a 285 pages, 15 unnumbered pages of plates :  |b illustrations ;  |c 23 cm. 
336 |a text  |b txt  |2 rdacontent 
337 |a unmediated  |b n  |2 rdamedia 
338 |a volume  |b nc  |2 rdacarrier 
504 |a Includes bibliographical references and index. 
650 0 |a World War, 1939-1945  |v Personal narratives, British. 
650 0 |a World War, 1939-1945  |x Campaigns  |z Mediterranean Region. 
700 1 |a Eisenhower, Dwight D.  |q (Dwight David),  |d 1890-1969. 
999 |a MARS 
999 f f |s 76de5332-be8f-341a-8992-f29d90bfef11  |i 8444de6f-7c15-3032-bdf0-15323fd46a24  |t 0 
952 f f |p ric  |a Texas A&M University  |b Rellis Campus  |c Joint Library Facility  |d Remote Storage  |t 0  |e D811 .W693  |h Library of Congress classification  |i unmediated -- volume  |m 32060002272439 
998 f f |a D811 .W693  |t 0  |l Remote Storage